Billy Joel Songs - Sudden Death - Statistics

General Stats
  • This quiz has been taken 1,170 times
  • The average score is 8 of 10
Answers on the Grid
Answers color-coded by a green-red scale on the quiz's grid according to % correct below.
An Innocent Man
Beggin'
Big Shot
Can't Take My Eyes off You
December, 1963 (Oh, What a Night)
Drift Away
Eight Days a Week
Glory Days
Goodnight Saigon
Kokomo
New York State of Mind
New York, New York
Piano Man
Scenes From an Italian Resturant
Two Princes
Vienna
We Didn't Start the Fire
You Give Love a Bad Name
You May Be Right
Zanzibar
 
Answer Stats
Answer % Correct
Piano Man
93%
We Didn't Start the Fire
90%
Vienna
84%
An Innocent Man
81%
New York State of Mind
76%
Scenes From an Italian Resturant
74%
Big Shot
70%
You May Be Right
67%
Goodnight Saigon
60%
Zanzibar
60%
No matching quizzes found
Score Distribution
Percent of People with Each Score
Percentile by Number Answered
Your Score History
You have not taken this quiz